| 000 | 00360 a2200157 4500 | ||
|---|---|---|---|
| 001 | 168339 | ||
| 020 | _a | ||
| 040 | _cMagnum | ||
| 100 | _aPenteado, Heloisa D. | ||
| 240 | 1 | 0 |
_aMeio ambiente e formacao de professores _lpor |
| 245 | 1 | 0 | _aMeio ambiente e formacao de professores |
| 362 | 0 | _a1899 | |
| 440 | 1 | _aCortez | |
| 697 | _aPEDAGOGIA | ||
| 942 | _cBK | ||
| 999 |
_c168339 _d168339 |
||